Start-up nation : the story of Israel's economic miracle

Bibliographic Details
Main Author: Senor, Dan
Other Authors: Singer, Saul
Format: Book
Published: New York : Twelve , 2009
Subjects:

MARC

LEADER 00000cam a2200000 7i4500
001 0000189727
005 20150105.0
020 |a 9781455502394 
090 0 0 |a 330.95694   |b SEN 
100 1 |a Senor, Dan 
245 1 0 |a Start-up nation :   |b the story of Israel's economic miracle   |c Dan Senor and Saul Singer 
260 |a New York :   |b Twelve ,   |c 2009 
300 |a 378p. ;   |c 17cm. 
650 0 0 |a Israel   |x Economic conditions 
700 1 |a Singer, Saul 
999 |a 00302381   |b BUKU   |c PINJAMAN   |e PERPUSTAKAAN KOMUNITI PETALING JAYA